000 00629nam a22002057a 4500
999 _c104656
_d104656
005 20230317124400.0
010 _aENG-116581
020 _a9789351437895
_c180.00
035 _aEN-100113
037 _bDBAD/PUB
082 _a344.54046
100 _aRosedar S.R.A.
245 _aEnvironmental law /
_cBy Rosedar S.R.A.
250 _a2nd ed.
260 _aGurgaon
_bLexisNexis
_c2016
270 _a14th Floor, Building No.10, Tower-B, DLF Cyber City, Phase-II
_bGurgaon
_e122002
300 _axix,210p.
_c21cm(pbk)
490 _aLexisNexis Q & A quick references guide
942 _2ddc
_cEN
_mROS
_h344.54046